Učí firmy, ako zlepšiť krajinu

Rozhovor s riaditeľkou Nadácie Pontis o začiatkoch práce Nadácie Pontis, o filantropii, o prepájaní firiem a občianskeho sektora, o zodpovednom podnikaní, o tom, ako tento koncept chápu slovenské a zahraničné firmy, o kľúčových aktivitách Pontis, o cene Via Bona.

Salvato in:
Dettagli Bibliografici
Autore principale: Petková, Zuzana
Altri autori: Surotchak, Lenka
Natura: Capitolo di libro
Lingua:slovacco
Soggetti:
Tags: Aggiungi Tag
Nessun Tag, puoi essere il primo ad aggiungerne!!

MARC

LEADER 00000naa a2200000 4500
001 0223816
005 20231113105921.5
041 0 |a slo 
044 |a SK 
245 1 0 |a Učí firmy, ako zlepšiť krajinu  |c Zuzana Petková, Lenka Surotchak 
520 |a Rozhovor s riaditeľkou Nadácie Pontis o začiatkoch práce Nadácie Pontis, o filantropii, o prepájaní firiem a občianskeho sektora, o zodpovednom podnikaní, o tom, ako tento koncept chápu slovenské a zahraničné firmy, o kľúčových aktivitách Pontis, o cene Via Bona. 
610 2 0 |a nadácie 
610 2 0 |a združenia občianske 
610 2 0 |a filantropia 
610 2 0 |a dary 
610 2 0 |a firmy 
610 2 0 |a zodpovednosť spoločenská 
610 2 0 |a ceny 
610 2 0 |a oceňovanie 
610 2 0 |a Slovensko 
100 1 |a Petková, Zuzana 
700 1 |a Surotchak, Lenka